000 00526nam a2200145 a 4500
008 120416s1969 ||||||||||||||||| || u
050 _aHA 29 Sen
100 _aSenter, R. J
245 1 0 _aAnalysis of data
246 _aintroductory statistics for the behavioral sciences
260 _aGlenview, Ill
_bScott, Foresman
_c1969
300 _ax, 512p. : ill
350 _a0.00
995 _D0.00
_FCBU-MAIN LIBRARY (Kitwe)
_H1
_I0.00
_UAVAILABLE
_ZMain Library Open Access Collection
999 _c34219
_d34219